000 01226cam a2200253 i 4500
003 SA-RiAUC
005 20250414072521.0
008 250414s1994 le f l 00000 ara c
040 _aSA-JeALM
_bara
_cSA-RiAUC
_erda
082 0 4 _a346.086
_qSA-RiAUC
090 _a346.086
_b ز ر ق
100 1 _aالزرقا، مصطفى أحمد،
_d1904-1999
_eمؤلف.
245 1 0 _aنظام التأمين حقيقته والرأي الشرعي فيه :
_bدراسة لجوانب التأمين القانونية والاقتصادية ومناقشة مستفيضة للآراء الفقهية المعاصرة حوله وترجيح صحة عقوده ما لم تتضمن شروطا غير مقبولة شرعا /
_cمصطفي أحمد الزرقاء.
250 _aالطبعة الأولى.
264 1 _aبيروت :
_bمؤسسة الرسالة،
_c1984
300 _a200 صفحة ؛
_c24 سم
336 _aنص
_btxt
_2rdacontent
_3كتاب
337 _aبدون وسيط
_bn
_2rdamedia
338 _aمجلد
_bnc
_2rdacarrier
650 7 _aالتأمين
_xقوانين وتشريعات
_2aucsh
650 7 _aالإسلام والتأمين
_2aucsh
942 _2ddc
_cBOOK
_n0
949 _aSA-JeALM
_d250414
_umohamedma123
_n1
999 _c6996
_d6996